Normal view
MARC view
- Money market
Entry Topical Term
001 - CONTROL NUMBER
- control field: 3471
003 - CONTROL NUMBER IDENTIFIER
- control field: OSt
005 - DATE AND TIME OF LATEST TRANSACTION
- control field: 20170511124449.0
008 - FIXED-LENGTH DATA ELEMENTS
- fixed length control field: 170511|| aca||aabn | a|a d
040 ## - CATALOGING SOURCE
- Original cataloging agency: OSt
- Transcribing agency: OSt
150 ## - HEADING--TOPICAL TERM
- Topical term or geographic name entry element: Money market
670 ## - SOURCE DATA FOUND
- Source citation: Work cat.: (OSt)0: Rose, Peter S. 3469, The financial system in the economy /, 1986

PORTAL AKMAL
E-MEL JKDM
AKMAL2U
G-BAM
u-PUSTAKA